Nové poznatky z obrábania kovov. /
Guardado en:
| Autor principal: | |
|---|---|
| Formato: | Manuscrito Libro |
| Publicado: |
Bratislava :
SVŠT v Bratislave SjF,
1972
|
| Etiquetas: |
Sin Etiquetas, Sea el primero en etiquetar este registro!
|
MARC
| LEADER | 00000ntm a22000003a 4500 | ||
|---|---|---|---|
| 001 | stu47433 | ||
| 005 | 20150617225711.6 | ||
| 008 | ------s1972----cs----------------------d | ||
| 040 | |a STU |b slo | ||
| 041 | 0 | ||
| 044 | |a cs | ||
| 080 | |a 621.9.001.5 |7 stu_us_auth*stu3051 | ||
| 100 | 1 | |a Buda, Ján |4 aut | |
| 245 | 1 | |a Nové poznatky z obrábania kovov. / |c [aut.] Buda,Ján | |
| 260 | |a Bratislava : |b SVŠT v Bratislave SjF, |c 1972 | ||
| 996 | |b J27185 |c J*27185/DIZ. |l JJSK |s A |a 24 |w stu47433_0001 | ||